Catálogo
 En Linea
Vista normal Vista MARC

Entrada Término temático

Número de registros utilizados en: 3

001 - NÚMERO DE CONTROL

  • campo de control: 29704

003 - IDENTIFICADOR DEL NÚMERO DE CONTROL

  • campo de control: BNPHU

005 - FECHA Y HORA DE LA ÚLTIMA TRANSACCIÓN

  • campo de control: 20240417185634.0

008 - DATOS DE LONGITUD FIJA

  • campo de control de longitud fija: 200615|| aca||aabn | a|a d

040 ## - FUENTE DE LA CATALOGACIÓN

  • Centro catalogador/agencia de origen: SdBNP
  • Lengua de catalogación: spa
  • Centro/agencia transcriptor: BNPHU
  • Normas de descripción: rda

150 ## - ENCABEZAMIENTO--TÉRMINO DE MATERIA

  • Término de materia o nombre geográfico como elemento de entrada: Derecho comparado

450 0# - TRAZADO DE VÉASE--TÉRMINO DE MATERIA

  • Término de materia o nombre geográfico como elemento de entrada: Comparative law

450 ## - TRAZADO DE VÉASE--TÉRMINO DE MATERIA

  • Término de materia o nombre geográfico como elemento de entrada: Jurisprudencia comparada

550 ## - TRAZADO VÉASE ADEMÁS--TÉRMINO DE MATERIA

  • Término de materia o nombre geográfico como elemento de entrada: Jurisprudencia etnológica
  • Subcampo de control: h

670 ## - FUENTE DE DATOS ENCONTRADOS

  • Cita de la fuente: Work cat.: (OSt)12490: Ortiz Ricaurte, Edgar Henry. 29702, La protección del testigo :, 1999.

670 ## - FUENTE DE DATOS ENCONTRADOS

  • Identificador Uniforme del Recurso: https://authorities.loc.gov/cgi-bin/Pwebrecon.cgi?AuthRecID=4681578&v1=1&HC=4&SEQ=20240417184348&PID=eDyGIAAj8yDI9xAFYH6RNsseY Consultado en, 17 de abril, 2024

670 ## - FUENTE DE DATOS ENCONTRADOS

  • Identificador Uniforme del Recurso: https://librunam.dgb.unam.mx:8443/F/ESLH2Y21UY8F616F9D5GDSQVYFAI8ILJNK9TAIADKTAY3832S6-03365?func=full-set-set&set_number=029067&set_entry=000001&format=001 Consultado en : 17 de abril, 2023

680 ## - NOTA GENERAL PÚBLICA

  • Texto explicativo: Aquí se asientan las obras sobre la comparación de diversos sistemas de derecho como un método de estudio del derecho y la investigación. Los estudios comparativos de los distintos temas jurídicos o ramas de la ley se asientan bajo los respectivos encabezamientos aplicables a esos temas

Con tecnología Koha